000 00802nam a2200205Ia 4500
001 17413
003 GE_BSU
008 181216s||||||||xx |||||||||||||| ||und||
040 _cGE_BSU
080 _a821.353.1-4
100 _aკიკნაძე,ალექსანდრე
245 _aპისტოლეტი და ათასგვარი ნამდვილი ამბავი; ქართველები სხვადასხვა განედებზე
245 _bრედ.:ნ. თეთრაძე;მხატვ.:ზ.დეისაძე
260 _aთბილისი
260 _bსაბჭ.საქართველო
260 _c1988
300 _a367 გვ. ; 20 სმ.
653 _aნარკვევები
942 _cBK
999 _c50466
_d50466